| 000 | 00924nam a2200301 i 4500 | ||
|---|---|---|---|
| 001 | bg | ||
| 003 | BPK | ||
| 005 | 20220302100759.0 | ||
| 008 | 080312s2007 pl a f |000 0 pol | ||
| 015 | _aPB 25352/2007 | ||
| 020 | _a9788360089590 | ||
| 040 | _cBPK | ||
| 041 |
_apol _beng |
||
| 080 | _a336.76:339.727 | ||
| 080 | _a(07) | ||
| 245 | 0 | 0 |
_aInwestycje finansowe / _cKatarzyna Gabryelczyk, Urszula Ziarko-Siwek (red.). |
| 260 |
_aWarszawa : _bCeDeWu, _c2007. |
||
| 300 |
_a244 s. : _bil. ; _c24 cm. |
||
| 504 | _aBibliogr. przy rozdz. | ||
| 546 | _aStreszcz. ang. przy rozdz. | ||
| 650 | 4 | _aRynek finansowy | |
| 655 | 4 | _aPodręcznik | |
| 700 | 1 |
_aZiarko-Siwek, Urszula. _eRed. |
|
| 710 | 2 |
_aCeDeWu. _4pbl. |
|
| 700 | 1 |
_aPerez, Katarzyna _eRedakcja |
|
| 856 |
_uhttp://koha.tu.koszalin.pl/cgi-bin/koha/opac-detail.pl?biblionumber=54422 _yKatalog online BPK |
||
| 942 |
_cKS _2UKD |
||
| 999 |
_c54422 _d54422 |
||